000 00540nam a22002057a 4500
999 _c6595
_d6595
003 OSt
005 20200206094348.0
008 200206b ||||| |||| 00| 0 eng d
020 _a0443085714
040 _cDNLM
082 _aWO200 S65b 1989
100 _aStoelting, Robert K.; Miller, Ronald D.
_913572
245 _aBasics of Anesthesia
250 _a2nd ed.
260 _aNew York;
_bChurchill
_c1989
300 _ax,523p;
_bIll:
_c26cm
504 _aAppendices, & index included
650 _aAnesthesia
_93094
942 _2z
_cO_SHELF